000 00290nam a22001097a 4500
008 160429b xxu||||| |||| 00| 0 eng d
020 _a0721635261
041 _aeng
080 _a618.2
245 _aCritical care nursing:
_cJeanette Hartshorn;Marilyn Lamborn; Mary Lou Noll;
942 _2udc
_cBK
999 _c1694
_d1694